|
|
|
|
| LEADER |
00000cam a2200000 7i4500 |
| 001 |
0000033618 |
| 002 |
000036292 |
| 005 |
20000331.0 |
| 020 |
|
|
|a 9839319329
|
| 090 |
0 |
0 |
|a 332.6322209595
|b MOH
|
| 100 |
0 |
|
|a Mohamed Ariff
|
| 245 |
1 |
0 |
|a Stock pricing in Malaysia :
|b corporate financial &investment management
|c Mohamed Ariff, Shamser and Annuar M. Nasir
|
| 260 |
|
|
|a Selangor :
|b Universiti Putra Malaysia ,
|c 1998
|
| 300 |
|
|
|a 361 p. :
|b ill ;
|c 26 cm.
|
| 650 |
0 |
0 |
|a Corporate
|x Malaysia
|x Finance
|
| 650 |
0 |
0 |
|a Stock
|x Prices
|z Malaysia
|
| 700 |
0 |
|
|a Annuar M. Nasir
|
| 700 |
0 |
|
|a Shamser Mohamed
|
| 999 |
|
|
|a 085855
|b BUKU
|c MALAYSIANA
|e PERPUSTAKAAN KOMUNITI PETALING JAYA
|
| 999 |
|
|
|a 085856
|b BUKU
|c PINJAMAN
|e PERPUSTAKAAN KOMUNITI PETALING JAYA
|